1529 1224 1320 1464 1061 1298 1564 1382 1546 1339 1979 1137 1512 1390 1544 1127 1682 1268 1636 1851 1545 1339 1619 1494 1158 1725 1876 1529 1553 1756 1375 1169 1236 1059 1169 1570 1060 1823 1630 1843 1151 1925 1430 1415 1372 1079 1054 1804 1687 1162 1774 1571 1641 1512 1712 1057 1923 1890 1436 1336 1475 1556 1665 1820 1223 1208 1715 1830 1173 1625 1698 1748 1665 1974 1942 1911 1725 1946 1826 1741 1748 1044 1728 1818 1217 1786 1125 1535 1170 1893 1818 1528 1268 1932 1238 1142 1621 1449 1062 BCNSPRNW ULIB Ver.6.0+V

เปลี่ยนเป็นภาษาไทย

Change to English
 แสดงรายละเอียดบรรณานุกรม
  กลับหน้าหลัก

Brief Record : Get Marc (ISO 2709) : E-mail record : QR code < ปิดหน้าต่าง
LEADER : 00000nam 2200000uu 4500
001    13399110840
003     ULIB
008    110609s2552||||th 000 0 tha d
020    9789742355517
060 04 WS141^bด764A 2552
245 00 Advances in pediatrics /^cบรรณาธิการ, ดุสิต สถาวร, ฤดีวิไล สามโกเศศ, สมศักดิ์ โล่ห์เลขา
250    พิมพ์ครั้งที่ 1
260    กรุงเทพฯ :^bราชวิทยาลัยกุมารแพทย์แห่งประเทศไทยสมาคมกุมารแพทย์แห่งประเทศไทย,^c2552
300    xii, 328 หน้า :^bภาพประกอบ ;^c28 ซม.
500 หน ังสือเล่มนี้เนื้อส่วนใหญ่มาจากหัวข้อการบรรยายของคณาจารย์กุมารแพทย์ผู้เชี่ยวชาญจากอนุสาขาต่างๆในการประชุมใหญ่กุมารเวชศาสตร์แห่งประเทศไทยครั้งที่ 67 และ 68 ประจำปี 2552
650  7 กุมารเวชศาสตร์
650  7 การดูแลสุขภาพ^xในวัยทารกและเด็ก
700 0  ดุสิต สถาวร,^eบรรณาธิการ
700 0  ฤดีวิไล สามโกเศศ,^eบรรณาธิการ
700 0  สมศักดิ์ โล่ห์เลขา,^eบรรณาธิการ
710 2  ราชวิทยาลัยกุมารแพทย์แห่งประเทศไทย
710 2  สมาคมกุมารแพทย์แห่งประเทศไทย
945    ^p380^l0^i028230
945    ^p380^l0^i028229
945    ^p380^l0^i028228
995    ทศพร
999 ^a ใช้งานได้ทุกระบบ
รายการนี้ยังไม่มีแท็ก
คุณยังไม่ได้ล็อกอิน คุณสามารถมีกิจกรรมร่วมกับเว็บไซต์ได้ แต่ต้องล็อกอินก่อน ::
  ล็อกอิน

รายการสื่อสารสนเทศ

ลำดับที่ ประเภท เลขเรียก/บาร์โค้ด สถานที่ สถานะ
- ไม่พบข้อมูล -

รายการใกล้เคียง
    หัวเรื่อง [กุมารเวชศาสตร์]

BibComment


ยังไม่เคยถูกคอมเมนท์

คอมเมนท์ทรัพยากรรายการนี้
  คอมเมนท์: Advances in pedia..


 Copyright 2026. Bcnsprnw @Library